Geography Quiz

Random Geography or City Quiz

30 Second Tourist: Chicago Quiz Stats

 Plays Quiz Updated Mar 25, 2015

Challenge
Share
Tweet
Score 0/12 Timer 00:30
831 Plays Today
% Correct
Wrigley
81%
Field Museum of
71.9%
Navy
71.2%
Art Institute
71.1%
Museum of Science and
66%
John
64.8%
Michigan
64.8%
Willis
60.6%
Millennium
56.7%
Shedd
48.7%
Buckingham
45.2%
Adler
41.4%

You're not logged in!

Compare scores with friends on all Sporcle quizzes.
Join for Free
OR
Log In

You Might Also Like...

Show Comments

Extras

Top Quizzes Today


Score Distribution

Your Account Isn't Verified!

In order to create a playlist on Sporcle, you need to verify the email address you used during registration. Go to your Sporcle Settings to finish the process.

Report this User

Report this user for behavior that violates our Community Guidelines.

Details: